| 000 | 02326nam0a2200301 4500 | ||
|---|---|---|---|
| 001 | RU\NLR\bibl\1098160 | ||
| 005 | 20260407100343.0 | ||
| 021 |
_aRU _b2007-29875 _91588 |
||
| 035 | _a(NLR Aleph) 001085266 | ||
| 090 |
_a1084007 _c1084007 |
||
| 100 | _a20070614d2006 |||y0rusy50 ca | ||
| 101 | 0 | _arus | |
| 102 | _aRU | ||
| 105 | _ac ||||||||| | ||
| 200 | 1 |
_aСоциально-экономическое и политическое развитие Сибири в отражении региональной печати, 1907-1917 гг. _e(документальное пособие) _eучебное пособие для студентов, обучающихся по специальности 350300 - Регионоведение, [021400 - Журналистика и рекламное дело, 350400 - Связи с общественностью, и других, изучающих дисциплины: "История Сибири", "История журналистики", "Теория и практика СМИ"] _fМ-во сел. хоз-ва Рос. Федерации, Федер. гос. образоват. учреждение высш. проф. образования "Ом. гос. аграр. ун-т", НОУ Междунар. гуманит. ин-т им. Е.П. Романовой (г. Калининград) _g[авт.-сост.: Н.М. Игнатенко и др.] _gпод общ. ред. С.В. Новикова, Г.А. Порхунова |
|
| 210 |
_aОмск _cФГОУ ВПО ОмГАУ _d2006 |
||
| 215 |
_a231 с. _cпортр. _d21 |
||
| 320 | _aБиблиогр. в подстроч. прим. | ||
| 607 |
_aСибирь _jДокументы и материалы _xИстория _z1907 - 1917 _92479580 _3RU\NLR\auth\661472071 |
||
| 686 | _aТ3(2Р5)52 | ||
| 702 | 1 |
_aИгнатенко _bН. М. _gНаталья Михайловна _4220 |
|
| 702 | 1 |
_4340 _7ca _8rus _aНовиков _bС. В. _cд-р ист. наук _f1962- _gСергей Валентинович _950955 _3RU\NLR\auth\7768027 |
|
| 712 | 0 | 2 |
_4570 _aОмский государственный аграрный университет им. П. А. Столыпина _3RU\NLR\AUTH\889926534 _9348795 |
| 801 | 0 |
_aRU _bNLR _c20070614 _gRCR |
|
| 801 | 1 |
_aRU _bNLR _c20070614 |
|
| 942 | _cBOOK | ||
| 980 | _aNB | ||